[Event "Saarland-ch B 89th"]
[Site "Stennweiler"]
[Date "2014.04.15"]
[Round "5"]
[White "Seel, Dominik"]
[Black "Bureik, Nicolas"]
[Result "0-1"]
[WhiteElo "1002"]
[BlackElo "1497"]
[PlyCount "120"]
[EventDate "2014.04.11"]
[EventType "swiss"]
[EventRounds "9"]
[EventCountry "GER"]
[SourceTitle "EXT 2016"]
[Source "ChessBase"]
[SourceDate "2015.10.08"]
[SourceVersion "1"]
[SourceVersionDate "2015.10.08"]
[SourceQuality "1"]

1. d4 Nf6 2. c4 g6 3. Nf3 Bg7 4. Nc3 0-0 5. Bf4 d6 6. e3 Bf5 7. Bd3 Bxd3 8. Qxd3 Na6 9. a3 Qd7 10. 0-0 c5 11. d5 Rfb8 12. e4 Nc7 13. a4 Na6 14. Qd2 Nb4 15. e5 Ne8 16. Rae1 Nc7 17. Nb5 a6 18. Nxc7 Qxc7 19. exd6 exd6 20. Bg5 Re8 21. Re2 Qd7 22. Rfe1 Rxe2 23. Rxe2 Re8 24. Rxe8+ Qxe8 25. Bf4 Bf8 26. h3 Qxa4 27. Kh2 Qd7 28. Bh6 Qe7 29. Bxf8 Qxf8 30. b3 Qe7 31. Qh6 Qf8 32. Qxf8+ Kxf8 33. Ng5 h6 34. Ne4 Ke7 35. g4 Nd3 36. Kg3 Nc1 37. Nd2 Kf6 38. f4 b5 39. h4 bxc4 40. Nxc4 Nxb3 41. Nxd6 Ke7 42. Ne4 a5 43. Nc3 Kd6 44. Kf3 a4 45. Ke4 a3 46. Nb5+ Ke7 47. Nxa3 Nd4 48. f5 gxf5+ 49. gxf5 Kf6 50. d6 Nxf5 51. Kd5 Nxd6 52. Kxd6 Kf5 53. Ke7 Kg4 54. Kxf7 Kxh4 55. Kg6 h5 56. Nc4 Kg4 57. Ne5+ Kh4 58. Kf5 Kg3 59. Kg5 h4 60. Ng4 h3 0-1

[Event "Saarland-ch B 89th"]
[Site "Stennweiler"]
[Date "2014.04.13"]
[Round "3"]
[White "Seel, Dominik"]
[Black "Christmann, Walter"]
[Result "1-0"]
[WhiteElo "1002"]
[BlackElo "1268"]
[PlyCount "125"]
[EventDate "2014.04.11"]
[EventType "swiss"]
[EventRounds "9"]
[EventCountry "GER"]
[SourceTitle "EXT 2016"]
[Source "ChessBase"]
[SourceDate "2015.10.08"]
[SourceVersion "1"]
[SourceVersionDate "2015.10.08"]
[SourceQuality "1"]

1. d4 d5 2. c4 Nf6 3. Bg5 Nc6 4. Bxf6 exf6 5. e4 dxe4 6. d5 Ne5 7. Qd4 Qd6 8. c5 Qxc5 9. Qxc5 Bxc5 10. Nd2 Bb4 11. 0-0-0 0-0 12. Nxe4 Bf5 13. Ng3 Bg6 14. Nh3 Rad8 15. f4 Bc5 16. f5 Be3+ 17. Kb1 Rd6 18. fxg6 hxg6 19. Ne4 Rb6 20. g3 Rd8 21. Bg2 Rb4 22. a3 Rd4 23. Rxd4 Bxd4 24. Rd1 Be3 25. Re1 Bb6 26. b4 f5 27. Nc5 Bxc5 28. bxc5 Ng4 29. Re7 Nf6 30. Rxc7 Nxd5 31. Bxd5 Rxd5 32. Ng5 Kf8 33. Rxf7+ Ke8 34. Rxg7 Rxc5 35. Rxb7 a5 36. Nh7 Re5 37. Nf6+ Kd8 38. Rd7+ Kc8 39. Rg7 Re1+ 40. Ka2 Re2+ 41. Kb3 Rxh2 42. Rxg6 Rg2 43. Nd5 Kd7 44. Ka4 Rd2 45. Nb6+ Ke7 46. Kxa5 Rg2 47. Nd5+ Kf7 48. Rf6+ Kg7 49. Rxf5 Rxg3 50. Kb4 Kg6 51. Rf4 Rg1 52. a4 Rb1+ 53. Kc5 Rc1+ 54. Rc4 Ra1 55. Kb5 Kf5 56. a5 Ke6 57. Nc7+ Kd6 58. Kb6 Rb1+ 59. Nb5+ Kd5 60. Rc5+ Ke6 61. a6 Rd1 62. a7 Rd8 63. Nc7+ 1-0